Educación sexual : (Record no. 215198)

MARC details
000 -CABECERA
campo de control de longitud fija 00744nam a2200229 i 4500
003 - IDENTIFICADOR DEL NÚMERO DE CONTROL
campo de control MX-MxUPN
005 - FECHA Y HORA DE LA ÚLTIMA TRANSACCIÓN
campo de control 20260525141838.0
008 - ELEMENTOS DE LONGITUD FIJA--INFORMACIÓN GENERAL
campo de control de longitud fija 260525s2023 mx||||||r|||| 000 0 spa d
020 ## - NÚMERO INTERNACIONAL NORMALIZADO PARA LIBROS
Número Internacional Estándar del Libro 9786074134995
040 ## - FUENTE DE LA CATALOGACIÓN
Centro catalogador/agencia de origen MX-MxUPN
Lengua de catalogación spa
Centro/agencia transcriptor MX-MxUPN
041 0# - CÓDIGO DE IDIOMA
Código de lengua del texto/banda sonora o título independiente spa
050 14 - SIGNATURA TOPOGRÁFICA DE LA BIBLIOTECA DEL CONGRESO
Número de clasificación HQ57.6 M6
Número de documento/Ítem R67 2023
100 1# - ASIENTO PRINCIPAL--NOMBRE PERSONAL
Nombre de persona Rosales Mendoza, Adriana Leona
9 (RLIN) 48930
245 10 - MENCIÓN DE TÍTULO
Título Educación sexual :
Resto del título culpas, miedos y disputas (momentos históricos)
250 ## - MENCIÓN DE EDICIÓN
Mención de edición 1a. edición.
260 ## - PUBLICACIÓN, DISTRIBUCIÓN, ETC.
Lugar de publicación, distribución, etc. Ciudad de México :
Nombre del editor, distribuidor, etc. Universidad Pedagógica Nacional,
Fecha de publicación, distribución, etc. 2023.
300 ## - DESCRIPCIÓN FÍSICA
Extensión 149 páginas
650 #4 - ASIENTO SECUNDARIO DE MATERIA - TERMINO TEMATICO
Término de materia o nombre geográfico como elemento de entrada Educación sexual
Subdivisión geográfica México
Subdivisión general Historia
9 (RLIN) 59688
650 #4 - ASIENTO SECUNDARIO DE MATERIA - TERMINO TEMATICO
Término de materia o nombre geográfico como elemento de entrada Jóvenes
Subdivisión general Conducta sexual
Subdivisión geográfica México
9 (RLIN) 59694
902 ## - ELEMENTOS DE DATOS B LOCAL, LDB (RLIN)
Creó Víctor Ruiz/250526
942 ## - ELEMENTOS DE PUNTO DE ACCESO ADICIONAL (KOHA)
Fuente del sistema de clasificación o colocación Library of Congress Classification
Tipo de ítem Koha Libro
Holdings
Estado de retiro Estado de pérdida Fuente del sistema de clasificación o colocación Estado dañado No para préstamo Código de colección Localización permanente Ubicación/localización actual Ubicación en estantería Fecha de adquisición Total de préstamos Clasificación Código de barras Fecha visto por última vez Precio válido a partir de Tipo de ítem Koha
    Library of Congress Classification   Disponible (Previa cita) UPN Bib. Gregorio Torres Quintero Bib. Gregorio Torres Quintero Sala de Fondos Reservados Planta alta 25/05/2026   HQ57.6 M6 R67 2023 340944 25/05/2026 25/05/2026 Libro